[Event "Paris Apsap op 74th"]
[Site "Paris"]
[Date "2004.08.10"]
[Round "2"]
[White "Betton, Olivier"]
[Black "Sulypa, Oleksandr"]
[Result "0-1"]
[WhiteElo "2088"]
[BlackElo "2469"]
[PlyCount "76"]
[EventDate "2004.08.??"]
[EventType "swiss"]
[EventRounds "9"]
[EventCountry "FRA"]
[SourceTitle "EXT 2005"]
[Source "ChessBase"]
[SourceDate "2004.11.15"]
[SourceVersion "1"]
[SourceVersionDate "2004.11.15"]
[SourceQuality "1"]

1. c4 e5 2. g3 Nf6 3. Bg2 d5 4. cxd5 Nxd5 5. Nf3 Nc6 6. 0-0 Nb6 7. d3 Be7 8. Nbd2 0-0 9. a3 a5 10. b3 Be6 11. Bb2 f6 12. Qc2 Qd7 13. e3 Rac8 14. Rfd1 Bg4 15. Ne4 Qf5 16. Qe2 Qh5 17. Ned2 Bd6 18. Qf1 Qf7 19. Rdb1 Rfd8 20. h3 Be6 21. Nc4 Nxc4 22. bxc4 Bf8 23. Rd1 Nb8 24. Nxe5 fxe5 25. Bxb7 Nd7 26. Bxc8 Rxc8 27. Rac1 Rb8 28. Rc2 Rb3 29. d4 Bf5 30. Rcd2 exd4 31. Bxd4 Bxa3 32. c5 Bb4 33. Ra2 Be4 34. f4 h5 35. Kh2 Nxc5 36. Qb5 Rd3 37. Rda1 Nb3 38. Rf1 Nxd4 0-1

[Event "Paris Apsap op 54rd"]
[Site "Paris"]
[Date "2002.??.??"]
[Round "5"]
[White "Betton, Olivier"]
[Black "Forget, Cyril"]
[Result "1-0"]
[WhiteElo "2109"]
[BlackElo "1940"]
[PlyCount "35"]
[EventDate "2002.08.15"]
[EventType "swiss"]
[EventRounds "9"]
[EventCountry "FRA"]
[SourceTitle "EXT 2003"]
[Source "ChessBase"]
[SourceDate "2002.11.25"]
[SourceVersion "1"]
[SourceVersionDate "2002.11.25"]
[SourceQuality "1"]

1. c4 e6 2. g3 d5 3. Bg2 Nf6 4. Nf3 Be7 5. b3 c5 6. 0-0 0-0 7. e3 Nc6 8. Bb2 b6 9. d3 Qc7 10. Nbd2 Bb7 11. Rc1 Nb4 12. Qe2 Nxa2 13. Rce1 Nb4 14. e4 Rfd8 15. exd5 Rd7 16. dxe6 fxe6 17. Qxe6+ Kf8 18. Ne5 1-0

[Event "SEMI 10-Fance Echecs 2 email"]
[Site "SEMI email"]
[Date "2001.05.02"]
[Round "?"]
[White "Betton, Olivier"]
[Black "Negri, Jacopo"]
[Result "0-1"]
[WhiteElo "2200"]
[BlackElo "2390"]
[PlyCount "22"]
[EventDate "2001.??.??"]
[EventType "team-swiss (corr)"]
[EventRounds "5"]
[EventCountry "ITA"]
[SourceTitle "Corr 2004"]
[Source "ChessBase"]
[SourceDate "2003.04.28"]
[SourceVersion "3"]
[SourceVersionDate "2003.04.28"]
[SourceQuality "1"]
[WhiteTeam "France Echecs-2"]
[BlackTeam "SEMI-10"]
[WhiteTeamCountry "FRA"]
[BlackTeamCountry "ITA"]

1. c4 e6 2. g3 d5 3. Bg2 dxc4 4. Qa4+ Nd7 5. Qxc4 c5 6. Nf3 a6 7. a4 b5 8. Qc2 Bb7 9. Nc3 b4 10. Ne4 b3 11. Qb1 Ngf6 0-1

[Event "FRA-ch U18"]
[Site "Amiens"]
[Date "2001.04.08"]
[Round "1"]
[White "Maze, Sebastien"]
[Black "Betton, Olivier"]
[Result "1-0"]
[WhiteElo "2279"]
[BlackElo "1920"]
[PlyCount "81"]
[EventDate "2001.04.07"]
[EventType "swiss"]
[EventRounds "9"]
[EventCountry "FRA"]
[SourceTitle "EXT 2005"]
[Source "ChessBase"]
[SourceDate "2004.11.15"]
[SourceVersion "1"]
[SourceVersionDate "2004.11.15"]
[SourceQuality "1"]

1. e4 c6 2. d3 d5 3. Nd2 e5 4. g3 Nf6 5. Bg2 Bc5 6. Nb3 Bb6 7. Qe2 dxe4 8. dxe4 Qe7 9. Nf3 Bg4 10. 0-0 Nbd7 11. h3 Bh5 12. a4 a5 13. Nbd2 0-0 14. Nc4 Bc7 15. b3 b5 16. Ne3 Nc5 17. Nf5 Qe6 18. g4 Nfxe4 19. N3h4 Nd6 20. Nxd6 Qxd6 21. Nf5 Qf6 22. Ng3 Bg6 23. axb5 Ne6 24. Ne4 Bxe4 25. Bxe4 Qh4 26. Kg2 Nd4 27. Qe3 f5 28. gxf5 Nxf5 29. Qe2 Rf6 30. Qc4+ Kh8 31. Bxf5 Qxc4 32. bxc4 Rxf5 33. Be3 Rb8 34. Rfb1 e4 35. b6 Bd6 36. c5 Bxc5 37. Rxa5 Bxe3 38. Rxf5 g6 39. Rf6 Rxb6 40. Rxb6 Bxb6 41. Rxc6 1-0